Udržateľný rozvoj, ekonomický rast a kvalita života v podmienkach Slovenskej republiky

Analýza vybraných problémov slovenskej populácie v kontexte napĺňania požiadavky udržateľného rozvoja. Kvalita života. Ekonomický rast a udržateľný rozvoj. Udržateľný rozvoj a kvalita života v Slovenskej republike.

Enregistré dans:
Détails bibliographiques
Auteur principal: Holková, Vieroslava
Autres auteurs: Vondrová, Andrea, 1987-
Format: Chapitre de livre
Langue:slovaque
Sujets:
Tags: Ajouter un tag
Pas de tags, Soyez le premier à ajouter un tag!

MARC

LEADER 00000naa a2200000 4500
001 0142877
005 20240502072548.7
041 0 |a slo 
044 |a SK 
245 1 0 |a Udržateľný rozvoj, ekonomický rast a kvalita života v podmienkach Slovenskej republiky  |c Vieroslava Holková, Andrea Vondrová 
520 |a Analýza vybraných problémov slovenskej populácie v kontexte napĺňania požiadavky udržateľného rozvoja. Kvalita života. Ekonomický rast a udržateľný rozvoj. Udržateľný rozvoj a kvalita života v Slovenskej republike. 
610 2 0 |a kvalita života 
610 2 0 |a rozvoj trvalo udržateľný 
610 2 0 |a Slovensko 
610 2 0 |a rast hospodársky 
610 2 0 |a spotreba 
610 2 0 |a nezamestnanosť 
610 2 0 |a produkt domáci hrubý 
100 1 |a Holková, Vieroslava 
700 1 |a Vondrová, Andrea, 1987-